5 Seconds of Summer (5SOS) - I'm scared I'll never sleep again - All - Statistics

General Stats
  • This quiz has been taken 83 times
  • The average score is 211 of 246
Answer Stats
Answer % Correct
a
100%
again
100%
bed
100%
body
100%
cold
100%
Every
100%
I
100%
I'll
100%
I'm
100%
in
100%
is
100%
never
100%
scared
100%
sleep
100%
without
100%
you
100%
your
100%
head?
95%
it
95%
my
95%
close
93%
eyes
93%
if
93%
and
89%
And
89%
can't
89%
makes
89%
New
89%
that
89%
York
89%
kiss
86%
know
86%
on
86%
sick
86%
the
86%
Too
86%
90's
84%
Everywhere
84%
face
84%
go,
84%
many
84%
oh,
84%
oh-oh-oh,
84%
(Ooh)
84%
ooh
84%
people
84%
Side
84%
side
84%
Baby,
82%
East
82%
maybe
82%
wanna
82%
Wish
82%
wish
82%
skin
80%
was
80%
were
80%
were,
80%
call
77%
crawling
77%
so
77%
this
77%
tonight
77%
shit
75%
clothes
73%
off
73%
What
73%
for
70%
Sex
70%
takin'
70%
fault
68%
hotel
68%
phone
68%
smoke
68%
Waitin'
68%
are
64%
end
61%
wishin'
61%
Yeah,
61%
creeping
59%
drunk
59%
through
59%
Through
59%
Streetlights
57%
thinkin'
57%
wasn't
57%
would
55%
Layin'
52%
other
52%
down
50%
shades
50%
chest
48%
Now
48%
red
45%
but
43%
beat
41%
Settle
39%
blush
34%
screamin'
30%
falling
25%
Pink
25%
nightmare
20%
tears
18%
No matching quizzes found
Score Distribution
Percent of People with Each Score
Percentile by Number Answered
Your Score History
You have not taken this quiz